000 00226nam a22000857a 4500
999 _c11407
_d11407
008 190416b ||||| |||| 00| 0 eng d
020 _a9789387679122
100 _97139
_aKOSHY Z SONYMOL
245 _aEXCEL IN COMPUTER APPLICATIONS IX